[Event "BRA-ch sf Reg2 86th"]
[Site "Recife"]
[Date "2019.12.21"]
[Round "4"]
[White "Dos Santos, Rafael Gibson Silva"]
[Black "Souza, Rafael Cabral de"]
[Result "0-1"]
[WhiteElo "1938"]
[BlackElo "2113"]
[PlyCount "56"]
[EventDate "2019.12.19"]
[EventType "swiss"]
[EventRounds "7"]
[EventCountry "BRA"]
[SourceTitle "CBM 194 Extra"]
[Source "ChessBase"]
[SourceDate "2020.03.31"]
[SourceVersion "1"]
[SourceVersionDate "2020.03.31"]
[SourceQuality "1"]

1. e4 c5 2. Nf3 Nc6 3. d4 cxd4 4. Nxd4 g6 5. Nc3 Bg7 6. Nb3 Nf6 7. Be2 0-0 8. Be3 Rb8 9. g4 h6 10. g5 hxg5 11. Bxg5 b5 12. a3 a5 13. Qc1 b4 14. Bxf6 exf6 15. Nd5 Re8 16. h4 Rxe4 17. h5 Ba6 18. Ne3 Bxe2 19. Kxe2 f5 20. Kf1 Rh4 21. Rg1 Rxh5 22. Rb1 a4 23. Nd2 f4 24. Ng2 Qg5 25. axb4 Rxb4 26. c3 Qb5+ 27. c4 Qf5 28. Qe1 f3 0-1

[Event "BRA-ch sf Reg2 86th"]
[Site "Recife"]
[Date "2019.12.19"]
[Round "1"]
[White "Santos, Lucas Henrique Azev"]
[Black "Dos Santos, Rafael Gibson Silva"]
[Result "0-1"]
[WhiteElo "1410"]
[BlackElo "1938"]
[PlyCount "52"]
[EventDate "2019.12.19"]
[EventType "swiss"]
[EventRounds "7"]
[EventCountry "BRA"]
[SourceTitle "CBM 194 Extra"]
[Source "ChessBase"]
[SourceDate "2020.03.31"]
[SourceVersion "1"]
[SourceVersionDate "2020.03.31"]
[SourceQuality "1"]

1. c4 e5 2. Nc3 Nc6 3. e3 Nf6 4. Nge2 d5 5. Ng3 d4 6. Nce4 Be7 7. Be2 0-0 8. 0-0 Nxe4 9. Nxe4 f5 10. Ng3 d3 11. Bf3 e4 12. Nxe4 fxe4 13. Bxe4 Bf5 14. Bd5+ Kh8 15. b3 Bf6 16. Rb1 Qd6 17. e4 Bd7 18. f4 Bd4+ 19. Kh1 Rxf4 20. Ba3 Rxf1+ 21. Qxf1 Qxa3 22. Qf7 Bg4 23. Rf1 Be2 24. Re1 Qf8 25. Qxc7 Qf2 26. Rc1 Bf1 0-1

[Event "Recife Arraes Memorial 12th"]
[Site "Recife"]
[Date "2019.09.01"]
[Round "5"]
[White "Dos Santos, Rafael Gibson Silva"]
[Black "De Lima, Alexsandro Barros"]
[Result "0-1"]
[WhiteElo "1979"]
[BlackElo "2235"]
[PlyCount "56"]
[EventDate "2019.08.30"]
[EventType "swiss"]
[EventRounds "6"]
[EventCountry "BRA"]
[SourceTitle "EXT 2020"]
[Source "ChessBase"]
[SourceDate "2019.10.17"]
[SourceVersion "1"]
[SourceVersionDate "2019.10.17"]
[SourceQuality "1"]

1. e4 c5 2. Nf3 d6 3. d4 cxd4 4. Nxd4 Nf6 5. Nc3 a6 6. Be3 e5 7. Nf3 Be7 8. Bc4 0-0 9. 0-0 Nbd7 10. Qe2 b5 11. Bd5 Nxd5 12. Nxd5 Bb7 13. a4 f5 14. axb5 fxe4 15. Nxe7+ Qxe7 16. Nd2 axb5 17. Qxb5 Nf6 18. Nc4 Nd5 19. Ra7 Rxa7 20. Bxa7 Nf4 21. Nxd6 Ba8 22. Bc5 Qg5 23. g3 e3 24. f3 e2 25. Ne4 Bxe4 26. Bxf8 Bxf3 27. Rxf3 e1Q+ 28. Rf1 Qexg3+ 0-1

[Event "Recife Arraes Memorial 12th"]
[Site "Recife"]
[Date "2019.08.31"]
[Round "3"]
[White "Gomes, Genildo de Souza"]
[Black "Dos Santos, Rafael Gibson Silva"]
[Result "1/2-1/2"]
[WhiteElo "1651"]
[BlackElo "1979"]
[PlyCount "21"]
[EventDate "2019.08.30"]
[EventType "swiss"]
[EventRounds "6"]
[EventCountry "BRA"]
[SourceTitle "EXT 2020"]
[Source "ChessBase"]
[SourceDate "2019.10.17"]
[SourceVersion "1"]
[SourceVersionDate "2019.10.17"]
[SourceQuality "1"]

1. d4 Nf6 2. Nd2 g6 3. e4 d6 4. Bc4 Bg7 5. c3 d5 6. e5 dxc4 7. exf6 Bxf6 8. Nxc4 0-0 9. Nf3 Be6 10. Nce5 Nd7 11. 0-0 1/2-1/2